000 00580cam a22002291 4500
001 sa 64006606
003 DLC
005 20260227112041.0
008 890725s1962 ii b 000 0 malo
010 _asa 64006606
035 _a(OCoLC)20067774
040 _aDLC
_cWaU
_dDLC
042 _apremarc
050 0 0 _aP121
_b.K8
100 2 _aKunjunni Raja, K.
245 1 0 _aBhāṣāgavēṣaṇaṃ.
260 _c1962.
300 _aiv, 312, 11 p.
_c19 cm.
500 _aIn Malayalam.
504 _aIncludes bibliographical references.
650 0 _aLanguage and languages.
999 _c59796
_d59796